Guess the Capital City from Flag 4 - Statistics

General Stats
  • This quiz has been taken 30 times
  • The average score is 14 of 20
Answer Stats
Picture Answer % Correct
New Delhi
89%
Zagreb
89%
Abuja
83%
Phnom Penh
83%
Quito
83%
Riyadh
83%
Guatemala City
78%
Valletta
78%
Bandar Seri Begawan
72%
Thimphu
72%
Dili
67%
Port of Spain
67%
Sri Jayawardenepura Kotte, Colombo
67%
Kigali
61%
Nukuʻalofa
61%
Niamey
56%
Podgorica
56%
Roseau
56%
Yamoussoukro, Abidjan
44%
Ciudad de la Paz
39%
No matching quizzes found
Score Distribution
Percent of People with Each Score
Percentile by Number Answered
Your Score History
You have not taken this quiz